Markets (Record no. 83337)

MARC details
000 -LEADER
fixed length control field 01216cab a22002055a 4500
001 - CONTROL NUMBER
control field L153604
008 - FIXED-LENGTH DATA ELEMENTS--GENERAL INFORMATION
fixed length control field 110809e2011 xxk 000 0 eng d
035 ## - SYSTEM CONTROL NUMBER
System control number (Sirsi) u153604
041 0# - LANGUAGE CODE
Language code of text/sound track or separate title eng
100 1# - MAIN ENTRY--PERSONAL NAME
Personal name Stewart, Sarah
245 00 - TITLE STATEMENT
Title Markets
Remainder of title North London
260 ## - PUBLICATION, DISTRIBUTION, ETC.
Date of publication, distribution, etc. 2011
490 #0 - SERIES STATEMENT
Series statement Property Week
Volume/sequential designation 77(30) 5 August 2011, 41-44(4)
520 ## - SUMMARY, ETC.
Summary, etc. Locals oppose Camden Market Holdings 'sanitised' planning application for redeveloping the 4.6 acre Camden Market site next to Camden Lock. Spurs turns to the government's Regional Growth Fund to fund its proposed new Haringey stadium. Hammerson and Standard Life Investments, joint owners of 862 000 sq ft Brent Cross shopping centre, are developing Brent Cross Cricklewood,an adjoining 250 acre scheme expanding the shopping centre by 592 000 sq ft. Haringey Council rejects Grainger's plans to redevelop Ward's Corner on Seven Sisters Road. The £650m Francis Crick Institute for medical research will be built at Brill Place near St Pancras.
590 ## - LOCAL NOTE (RLIN)
Local note KA
651 #4 - SUBJECT ADDED ENTRY--GEOGRAPHIC NAME
Geographic name London
690 ## - LOCAL SUBJECT ADDED ENTRY--TOPICAL TERM (OCLC, RLIN)
Topical term or geographic name as entry element PROPERTY-COMMERCIAL PROPERTY-COMMERCIAL PROPERTY FINANCE AND INVESTMENT
690 ## - LOCAL SUBJECT ADDED ENTRY--TOPICAL TERM (OCLC, RLIN)
Topical term or geographic name as entry element PROPERTY-COMMERCIAL PROPERTY-COMMERCIAL PROPERTY MARKET
942 ## - ADDED ENTRY ELEMENTS (KOHA)
Suppress in OPAC 0
Holdings
Withdrawn status Lost status Source of classification or shelving scheme Damaged status Not for loan Home library Current library Shelving location Date acquired Total Checkouts Full call number Barcode Date last seen Copy number Price effective from Koha item type
    Dewey Decimal Classification     London London Journal article 09/08/2011   L153604 153604-1001 06/08/2019 1 06/08/2019 Journal article